| 000 | 01027nam a2200325Ia 4500 | ||
|---|---|---|---|
| 001 | Z_1677 | ||
| 003 | CHAP | ||
| 008 | 220113s1999 xx 000 0 und d | ||
| 010 | _a164769 | ||
| 040 | _cCHAP | ||
| 090 | _aTesis Q 1333 | ||
| 100 |
_aQuintero Ramos, Eladio _993433 |
||
| 245 |
_aFertilización química y biológica en la producción forrajera de alfalfa (Medicago sativa L.) / _cpor Eladio Quintero Ramos |
||
| 260 |
_aChapingo, Méx. : _bEl autor, _c1999 |
||
| 300 | _a70 h. | ||
| 502 | _aTesis (Ing. Agr. Esp. en Zootecnia) -- UACH. Departamento de Zootecnia | ||
| 650 |
_aAlfalfa como forraje _93899 |
||
| 650 |
_aAlfalfa _xRendimiento _93887 |
||
| 650 |
_aFertilizantes _xEfecto en alfalfa _940476 |
||
| 650 |
_aFijación biológica de nitrógeno _9138849 |
||
| 650 |
_aFósforo _xEfecto en alfalfa _942213 |
||
| 650 |
_aNitrógeno _981398 |
||
| 650 |
_aRhizobium meliloti _997128 |
||
| 901 | _aTESIS Q 1333 | ||
| 902 | _aM | ||
| 910 | _a1999 | ||
| 942 | _c2 | ||
| 942 | _c2 | ||
| 999 |
_c164769 _d164769 |
||